000
00324pab a2200133 454500
008
180718b xxu||||| |||| 00| 0 eng d
100
_a
Qureshy, Ahtesham
245
_a
Environmental Protection involves all
650
_a
Rio Summit
650
_a
Earth
650
_a
Environment
773
_a
Hindustan Times
909
_a
21741
999
_c
21741
_d
21741